000 00467nam a2200181Ia 4500
001 9061
005 20260306160655.0
008 260306t2017||||xx |||||||||||||| ||spa||
041 _aESP
082 _a372.48
_bP59
100 _aPinzás G., Juana R.
_eAUT
245 0 _aLeer pensando:
_bintroducción a la visión contemporánea de la lectura
260 _c2017
300 _a128 páginas :
_c21 cm.
650 _aGEN
654 _aCED
942 _cLIB
_dJUS
_fJUS
_2ddc
_n
999 _c9061
_d9061